Cenotaph- Ghost - Statistics

General Stats
  • This quiz has been taken 37 times
  • The average score is 165 of 184
Answer Stats
Answer % Correct
I
100%
In
100%
in
100%
Like
100%
like
100%
of
100%
the
100%
The
100%
there
100%
to
100%
To
100%
where
100%
you
100%
You
100%
always
92%
and
92%
At
92%
be
92%
go
92%
it
92%
me
92%
next
92%
Next
92%
night
92%
Riding
92%
sensations
92%
storms
92%
Through
92%
through
92%
used
92%
Wherever
92%
with
92%
You're
92%
actually
83%
Are
83%
are
83%
into
83%
living
83%
moment
83%
mountain
83%
Right
83%
sky
83%
tips
83%
top
83%
ashes
75%
blowing
75%
Blowing
75%
city
75%
fire
75%
heart
75%
heat
75%
I'm
75%
memories
75%
ocean
75%
On
75%
wind
75%
Buried
67%
colour
67%
Devour
67%
explodes
67%
feels
67%
grave
67%
Reach
67%
Burning
58%
connects
58%
dips
58%
here
58%
glows
50%
asheso
0%
No matching quizzes found
Score Distribution
Percent of People with Each Score
Percentile by Number Answered
Your Score History
You have not taken this quiz